000
00312nam a22001457a 4500
008
231025b ||||| |||| 00| 0 eng d
020
_a
9780140226997
041
_a
eng
080
_a
159.9
082
_a
159.9ART
100
_a
19
101
_a
PSI
245
_a
THEORIES OF LIFE
_c
ARTHUR.W
942
_2
udc
_c
BK
999
_c
60468
_d
60468